BUBT Library Online Catalog

The Art of Computer Programming Vol.-1 (Record no. 541)

000 -LEADER
fixed length control field 00750nam a22002537a 4500
008 - FIXED-LENGTH DATA ELEMENTS--GENERAL INFORMATION
fixed length control field 130629b xxu||||| |||| 00| 0 eng d
020 ## - INTERNATIONAL STANDARD BOOK NUMBER
International Standard Book Number 81-7808-111-3
040 ## - CATALOGING SOURCE
Original cataloging agency Mbstu Library
Modifying agency Mbstu Library
082 ## - DEWEY DECIMAL CLASSIFICATION NUMBER
Edition number 22
Classification number 005.1 KNA
100 ## - MAIN ENTRY--PERSONAL NAME
Personal name Knuth, Donald E
110 ## - MAIN ENTRY--CORPORATE NAME
Corporate name or jurisdiction name as entry element
245 ## - TITLE STATEMENT
Title The Art of Computer Programming Vol.-1
250 ## - EDITION STATEMENT
Edition statement 3rd edition
260 ## - PUBLICATION, DISTRIBUTION, ETC. (IMPRINT)
Place of publication, distribution, etc. India
Name of publisher, distributor, etc. Pearson Education
Date of publication, distribution, etc. 2003
300 ## - PHYSICAL DESCRIPTION
Extent 18 cm
Other physical details 780 page
Type of unit 35
Size of unit 18 cm
600 ## - SUBJECT ADDED ENTRY--PERSONAL NAME
Personal name Programming
650 ## - SUBJECT ADDED ENTRY--TOPICAL TERM
Source of heading or term Programming
700 ## - ADDED ENTRY--PERSONAL NAME
Personal name Knuth, Donald E
710 ## - ADDED ENTRY--CORPORATE NAME
Corporate name or jurisdiction name as entry element
270 ## - ADDRESS
Address India
City India
Country India
365 ## - TRADE PRICE
Price amount 451.00
Unit of pricing 451.00
942 ## - ADDED ENTRY ELEMENTS (KOHA)
Source of classification or shelving scheme
Koha item type Books

No items available.

More Information About Library

Library Hours

  • Open: 9.00 am. to 9.00 pm.
  • Only Sunday: 9.00 am. to 6.00 pm.
  • Closed: Holiday

Contact to the University

Bangladesh University of Business and Technology Library

  • Mirpurl-2, 1216.
  • Phone:
  • Fax:
  • E-Mail: admin.library@bubt.edu.bd

Contact to the Library

Contact Person:

Md. Abdul Hakim Shah
Joint Librarian
PABX No:  113
Cell No: 01816332931
E-mail: official: admin.library@bubt.edu.bd
Personal: hakim.shah@bubt.edu.bd


BUBT Library

Copyright © 2021